A hely, ahol felforr a levegő A szauna üzemeltetés jellemzői Magyarországon

Bibliográfiai részletek
Szerző: Czinki Anna Krisztina
További közreműködők: Nagy Adrienne
Dokumentumtípus: Diplomadolgozat
Kulcsszavak:kapcsolatvizsgálat
ökotoxicitás
szauna
szaunamester
szaunaprogram
Online Access:http://dolgozattar.uni-bge.hu/59502

MARC

LEADER 00000nta a2200000 i 4500
001 dolg59502
005 20260409145143.0
008 260409suuuu hu om 000 hun d
040 |a BGE Dolgozattár Repozitórium  |b hun 
041 |a hu 
100 1 |a Czinki Anna Krisztina 
245 1 2 |a A hely, ahol felforr a levegő A szauna üzemeltetés jellemzői Magyarországon  |c Czinki Anna Krisztina  |h [elektronikus dokumentum] 
520 3 |a 2015-től (szechenyifurdo.hu) napjainkig a szaunaprogramok elterjedőben vannak Magyarországon és világ szerte egyaránt. A wellness életmód térhódítása megfigyelhető és ezen belül egyre hangsúlyosabb. Több szaunát elkezdtek megtölteni rendezvényekkel/programokkal, mely több embert kezdett vonzani, akár állandó lakhelyétől távolabbra is. Okai lehetnek: egészségre gyakorolt hatás, kikapcsolódási vágy, közösségi találkozások. Jómagam szaunamesterként dolgozom több helyszínen is ezért személyes érdeklődés volt a fő motivációja a dolgozatnak. Kutatási kérdéseket négy fő részre osztottam: - Mi jellemzi a magyar szaunakultúrát és milyen összefüggése van az egészségturizmussal? - Mi a szaunaprogram és milyen szaunához kapcsolódó rendezvények vannak Budapesten? - Miben különböznek az eltérő fenntartású szaunás helyszínek? (külföldi tulajdonos, önkormányzat, belföldi magánszemély) - Milyen a területi elhelyezkedése a leglátogatottabb szaunáknak? (térképes eloszlás) A kutatás primer és szekunder adatokat is magába foglal. Primer kutatás online kérdőíves formában valósult meg, és készült interjú is. Szekunder forrásokat főleg angol nyelven találtam és a szaunázás egészségre gyakorolt hatásait írja le. A kutatás várható eredménye, hogy a szauna szolgáltatások fejlesztése nem generál akkora bevételt, hogy jövedelmező, önálló profitcenter legyen. Ennek ellenére ma már a wellness kötelező eleme, így amelyik szolgáltató nem használja ki ezt a lehetőséget kimarad az általa generált plusz bevételből. A szaunaprogramok olyan kiegészítő szolgáltatások, amelyek megnövelhetik az alap szolgáltatások keresletét (szállás, étel-ital, belépőjegy). 
695 |a kapcsolatvizsgálat 
695 |a ökotoxicitás 
695 |a szauna 
695 |a szaunamester 
695 |a szaunaprogram 
700 1 |a Nagy Adrienne  |e ths 
856 4 0 |u http://dolgozattar.uni-bge.hu/59502/1/Czinki_Anna_KVIK%20%281%29%20%281%29.pdf  |z Dokumentum-elérés 
856 4 0 |u http://dolgozattar.uni-bge.hu/59502/2/Titkos%C3%ADt%C3%A1si%20k%C3%A9relmek.pdf  |z Dokumentum-elérés 
856 4 0 |u http://dolgozattar.uni-bge.hu/59502/3/Czinki_Anna_Krisztina_opponens_Magyar_M%C3%A1rton.pdf  |z Dokumentum-elérés 
856 4 0 |u http://dolgozattar.uni-bge.hu/59502/4/B%C3%ADr%C3%A1lati%20lap_BSc_CzinkiAnna.pdf  |z Dokumentum-elérés